| 000 | 00983cam a2200277 a 4500 | ||
|---|---|---|---|
| 001 | 000012027 | ||
| 003 | DO-SdBNP | ||
| 005 | 20250401145111.0 | ||
| 008 | 920820s1989 cu a b 001 0 spa | ||
| 040 |
_aDO-SdBNP _bspa _cDLC _dBNPHU |
||
| 049 | _aBNGR | ||
| 082 |
_a398.097291 _bM653g |
||
| 100 | 1 |
_aMillet, José, _d1949- _928444 |
|
| 245 | 1 | 0 |
_aGrupos folklóricos de Santiago de Cuba / _cJosé Millet, Rafael Brea ; edición Nancy Vázquez Tejeda. |
| 260 |
_aSantiago,(Cuba) : _bOriente, _c1989. |
||
| 300 |
_a178 p. : _bil. ; _c19 cm. |
||
| 504 | _aIncluye referencias bibliográficas (p. 170-176) | ||
| 650 | 0 |
_aFolclore _zCuba _933448 |
|
| 650 | 4 |
_aCarnaval _zCuba _zSantiago De Cuba _928447 |
|
| 650 | 4 |
_aDanzas populares y nacionales cubanas _928448 |
|
| 651 | 4 |
_aCuba _xVida Social Y Costumbres _zSantiago De Cuba _928446 |
|
| 700 | 1 |
_aBrea, Rafael. _917721 |
|
| 700 | 1 |
_aVázquez Tejeda, Nancy _eed. _928449 |
|
| 910 | _aCatalogación por copia / LC | ||
| 942 |
_2ddc _cLBS1 |
||
| 999 |
_c11695 _d11695 |
||